logo

Bir Sreshtho Munshi Abdur Rouf Library
Jhenaidah Cadet College

Scalable internet architecture / (Record no. 14066)

MARC details
000 -LEADER
fixed length control field 00778cam a22002657a 4500
001 - CONTROL NUMBER
JCCL Control Number 14066
003 - CONTROL NUMBER IDENTIFIER
JCCL marc code BD-JhCC
005 - DATE AND TIME OF LATEST TRANSACTION
control field 20240912133734.0
008 - FIXED-LENGTH DATA ELEMENTS--GENERAL INFORMATION
fixed length control field 061109s2007 inua f 001 0 eng d
020 ## - INTERNATIONAL STANDARD BOOK NUMBER
International Standard Book Number 076866618X
035 ## - SYSTEM CONTROL NUMBER
system control number (OCoLC)14066
040 ## - CATALOGING SOURCE
Original cataloging agency UKM
Transcribing agency UKM
Modifying agency BAKER
-- C#P
-- VP@
-- IXA
-- YDXCP
-- OCLCQ
-- DLC
041 ## - LANGUAGE CODE
Language code of Book english
050 00 - LIBRARY OF CONGRESS CALL NUMBER
Classification number TK5105.52
Item number .S34 2007
082 04 - DEWEY DECIMAL CLASSIFICATION NUMBER
Classification number 004.678
DDC Edition number 22
Author mark and Year SCH 2007
100 1# - MAIN ENTRY--PERSONAL NAME
Personal name Schlossnagle, Theo.
245 10 - TITLE STATEMENT
Title Scalable internet architecture /
Statement of responsibility, etc Theo Schlossnagle.
260 ## - PUBLICATION, DISTRIBUTION, ETC. (IMPRINT)
Place of publication, distribution, etc Indianapolis, Ind. :
Name of publisher, distributor, etc Developer's Library/Sams,
Date of publication, distribution, etc 2007.
300 ## - PHYSICAL DESCRIPTION
Pagination xi, 262 p. :
Other physical details ill. ;
Dimensions 23 cm.
500 ## - GENERAL NOTE
General note Includes index.
650 #0 - SUBJECT ADDED ENTRY--TOPICAL TERM
Topical term or geographic name as entry element Computer network architectures.
650 #0 - SUBJECT ADDED ENTRY--TOPICAL TERM
Topical term or geographic name as entry element Web site development.
942 ## - ADDED ENTRY ELEMENTS (KOHA)
Source of classification or shelving scheme Dewey Decimal Classification
Koha item type Books
Holdings
Source of classification or shelving scheme Damaged status Not for loan Home library Current library Shelving location Date of accession Source of acquisition Cost, normal purchase price Total Checkouts Full call number Barcode Date last seen Copy number Method of acquisition Koha item type Currency
Dewey Decimal Classification     JCC Rouf Library JCC Rouf Library General Stacks 09/12/2024 With the Compliments Of Shahriar Imtiaz Rahman 27/1483/K 4250.00   004.678 SCH 2007 19683 09/12/2024 C-1 Gift/Donation Books BDT

JCC Library | Contacts | JCC Home

Last Update on 23 September 2017
Copyright @ 2017-2020 JCC Rouf Library
Rouf Library, Jhenidah Cadet College (JCC), Bangladesh